000 01010cam a22002773a 4500
001 13505
003 PGUSA
005 20140828083305.0
008 040924s2004||||xxu|||||s|||||000 1 eng d
040 _aPGUSA
_beng
042 _adc
050 4 _aPG
100 1 _aChekhov, Anton Pavlovich,
_d1860-1904
245 1 4 _aThe Duel and other stories
_h[electronic resource] /
_cAnton Pavlovich Chekhov
260 _bProject Gutenberg,
_c2004
505 0 _aThe Duel -- Excellent People -- Mire -- Neighbours -- At Home -- Expensive Lessons -- The Princess -- The Chemist's Wife.
506 _aPublic domain in the USA.
516 _aElectronic text
653 _aChekhov, Anton Pavlovich, 1860-1904 -- Translations into English
653 _aRussia -- Social life and customs -- Fiction
653 _aShort stories, Russian -- Translations into English
700 1 _aGarnett, Constance,
_d1861-1946
830 0 _aProject Gutenberg
_v13505
856 4 0 _uhttp://www.gutenberg.org/ebooks/13505
942 _cEB
999 _c242760
_d242760